Electronic Industries in Japan
Uloženo v:
| Korporativní autor: | |
|---|---|
| Médium: | Kniha |
| Jazyk: | Undetermined |
| Vydáno: |
Tokyo
Electronic Industries Association of Japan
1971
|
| Témata: | |
| Tagy: |
Přidat tag
Žádné tagy, Buďte první, kdo otaguje tento záznam!
|
| Thư viện lưu trữ: | Trung tâm Học liệu Trường Đại học Cần Thơ |
|---|
| LEADER | 00577nam a2200193Ia 4500 | ||
|---|---|---|---|
| 001 | CTU_98940 | ||
| 008 | 210402s9999 xx 000 0 und d | ||
| 082 | |a 621.381 | ||
| 082 | |b E38 | ||
| 110 | |a Electronic Industries Association of Japan | ||
| 245 | 0 | |a Electronic Industries in Japan | |
| 245 | 0 | |c Electronic Industries Association of Japan | |
| 260 | |a Tokyo | ||
| 260 | |b Electronic Industries Association of Japan | ||
| 260 | |c 1971 | ||
| 650 | |a Electronic industries | ||
| 650 | |z Japan | ||
| 904 | |i Năm | ||
| 980 | |a Trung tâm Học liệu Trường Đại học Cần Thơ | ||